[Event "2nd Goa GM Open 2019"]
[Site "Goa"]
[Date "2019.06.22"]
[Round "6.20"]
[White "Rohith Krishna S"]
[Black "Gagare, Shardul"]
[Result "1/2-1/2"]
[WhiteElo "2347"]
[BlackElo "2482"]
[Annotator "ChessBase"]
[PlyCount "149"]
[EventDate "2019.06.17"]
[EventType "swiss"]
[EventCountry "IND"]
[SourceTitle "playchess.com"]
[Source "ChessBase"]
[SourceQuality "1"]
[TimeControl "5400+30"]

1. d4 {[%emt 0:00:00]} d5 {[%emt 0:00:02]} 2. Nf3 {[%emt 0:00:00]} Nf6 {[%emt 0:00:15]} 3. c4 {[%emt 0:00:12]} c6 {[%emt 0:00:11]} 4. Nc3 {[%emt 0:00:14]} e6 {[%emt 0:00:06]} 5. e3 {[%emt 0:00:24]} Nbd7 {[%emt 0:00:12]} 6. Bd3 {[%emt 0:00:32]} dxc4 {[%emt 0:00:25]} 7. Bxc4 {[%emt 0:00:20]} b5 {[%emt 0:00:13]} 8. Bb3 {[%emt 0:01:14]} b4 {[%emt 0:01:14]} 9. Na4 {[%emt 0:06:16]} Ba6 {[%emt 0:03:09]} 10. Qc2 {[%emt 0:03:57]} Rc8 {[%emt 0:07:17]} 11. Bc4 {[%emt 0:07:59]} Qa5 {[%emt 0:02:24]} 12. b3 {[%emt 0:00:32]} c5 {[%emt 0:03:06]} 13. dxc5 {[%emt 0:01:16]} Nxc5 {[%emt 0:11:38]} 14. Nxc5 {[%emt 0:03:26]} Qxc5 {[%emt 0:08:10]} 15. Nd2 {[%emt 0:02:44]} Bb7 {[%emt 0:03:43]} 16. Nf3 {[%emt 0:04:08]} Ne4 {[%emt 0:18:12]} 17. Bb2 {[%emt 0:15:32]} Nd6 {[%emt 0:00:25]} 18. Rc1 {[%emt 0:00:44]} Nxc4 {[%emt 0:01:23]} 19. bxc4 {[%emt 0:01:31]} f6 {[%emt 0:04:55]} 20. O-O {[%emt 0:02:46]} Qc6 {[%emt 0:08:07]} 21. Rfd1 {[%emt 0:01:22]} Be7 {[%emt 0:02:57]} 22. Qb3 {[%emt 0:04:31]} Kf7 {[%emt 0:12:11]} 23. a3 {[%emt 0:00:45]} a5 {[%emt 0:07:44]} 24. axb4 {[%emt 0:00:43]} axb4 {[%emt 0:01:06]} 25. h3 {[%emt 0:00:22]} Rhd8 {[%emt 0:00:53]} 26. Rxd8 {[%emt 0:00:11]} Rxd8 {[%emt 0:00:04]} 27. c5 {[%emt 0:04:33]} Rd5 {[%emt 0:00:05]} 28. Qxb4 {[%emt 0:02:51]} Rxc5 {[%emt 0:02:10]} 29. Rxc5 {[%emt 0:00:09]} Bxc5 {[%emt 0:00:05]} 30. Qc4 {[%emt 0:00:41]} Qd5 {[%emt 0:01:45]} 31. Qxd5 {[%emt 0:00:25]} Bxd5 {[%emt 0:00:06]} 32. Bd4 {[%emt 0:02:03]} Bb4 {[%emt 0:00:10]} 33. Nh2 {[%emt 0:00:21]} e5 {[%emt 0:00:05]} 34. Bb2 {[%emt 0:00:13]} Ke6 {[%emt 0:01:27]} 35. Nf1 {[%emt 0:00:11]} h5 {[%emt 0:00:48]} 36. f3 {[%emt 0:01:08]} Bc5 {[%emt 0:00:43]} 37. Bc1 {[%emt 0:00:07]} h4 {[%emt 0:00:15]} 38. Kf2 {[%emt 0:00:23]} Bc4 {[%emt 0:00:16]} 39. Nd2 {[%emt 0:00:42]} Bd3 {[%emt 0:00:10]} 40. Ne4 {[%emt 0:00:38]} Be7 {[%emt 0:00:32]} 41. Ke1 {[%emt 0:00:20]} Kd5 {[%emt 0:00:22]} 42. Nd2 {[%emt 0:00:57]} Bc5 {[%emt 0:00:24]} 43. e4+ {[%emt 0:00:58]} Kc6 {[%emt 0:00:52]} 44. Nf1 {[%emt 0:00:09]} g6 {[%emt 0:00:38]} 45. Bd2 {[%emt 0:01:17]} Kd6 {[%emt 0:00:46]} 46. g4 Bd4 {[%emt 0:00:42]} 47. Ne3 {[%emt 0:02:34]} Ke6 {[%emt 0:00:21]} 48. Ng2 {[%emt 0:00:08]} g5 {[%emt 0:00:29]} 49. Ne3 {[%emt 0:00:11]} Bc5 {[%emt 0:00:28]} 50. Nd5 {[%emt 0:00:09]} Bc4 {[%emt 0:00:04]} 51. Ne3 {[%emt 0:00:14]} Bd3 {[%emt 0:00:27]} 52. Nd5 {[%emt 0:00:06]} Bc4 {[%emt 0:00:58]} 53. Ne3 {[%emt 0:00:15]} Bb3 {[%emt 0:00:03]} 54. Nf5 {[%emt 0:00:22]} Kd7 {[%emt 0:00:18]} 55. Be3 {[%emt 0:00:11]} Bb4+ {[%emt 0:00:04]} 56. Bd2 {[%emt 0:00:04]} Bc5 {[%emt 0:00:10]} 57. Be3 {[%emt 0:00:04]} Bf8 {[%emt 0:00:03]} 58. Bb6 {[%emt 0:00:23]} Bb4+ {[%emt 0:00:12]} 59. Kf2 {[%emt 0:00:07]} Bc3 {[%emt 0:00:34]} 60. Bc5 {[%emt 0:00:25]} Be6 {[%emt 0:00:14]} 61. Ke2 {[%emt 0:00:32]} Ba5 {[%emt 0:01:03]} 62. Kf2 {[%emt 0:00:11]} Bd8 {[%emt 0:00:34]} 63. Ke2 {[%emt 0:00:11]} Kc6 {[%emt 0:00:23]} 64. Be7 {[%emt 0:00:30]} Bxe7 {[%emt 0:00:21]} 65. Nxe7+ {[%emt 0:00:29]} Kd6 {[%emt 0:00:42]} 66. Nf5+ {[%emt 0:00:40]} Bxf5 {[%emt 0:02:33]} 67. gxf5 {[%emt 0:00:14]} Kc5 {[%emt 0:00:06]} 68. Ke3 {[%emt 0:00:07]} Kb5 {[%emt 0:00:57]} 69. Kd3 {[%emt 0:00:06]} Kb4 {[%emt 0:00:08]} 70. Kd2 {[%emt 0:00:09]} Kb3 {[%emt 0:00:18]} 71. Kd3 {[%emt 0:00:04]} Kb4 {[%emt 0:00:18]} 72. Kd2 {[%emt 0:00:03]} Kc4 {[%emt 0:00:03]} 73. Kc2 {[%emt 0:00:04]} Kd4 {[%emt 0:00:08]} 74. Kd2 {[%emt 0:00:03]} Kc4 {[%emt 0:00:32]} 75. Kc2 {[%emt 0:00:05]} 1/2-1/2

[Event "2nd Goa GM Open 2019"]
[Site "Goa"]
[Date "2019.06.22"]
[Round "6.21"]
[White "Rathnakaran, K.."]
[Black "Kunte, Abhijit"]
[Result "1/2-1/2"]
[WhiteElo "2338"]
[BlackElo "2478"]
[Annotator "ChessBase"]
[PlyCount "31"]
[EventDate "2019.06.17"]
[EventType "swiss"]
[EventCountry "IND"]
[SourceTitle "playchess.com"]
[Source "ChessBase"]
[SourceQuality "1"]
[TimeControl "5400+30"]

1. e4 {[%emt 0:00:00]} e5 {[%emt 0:00:00]} 2. Nf3 {[%emt 0:00:00]} Nc6 {[%emt 0:00:00]} 3. Bb5 {[%emt 0:00:00]} a6 {[%emt 0:01:10]} 4. Ba4 {[%emt 0:00:00]} Nf6 {[%emt 0:00:07]} 5. Qe2 {[%emt 0:00:00]} Be7 {[%emt 0:03:07]} 6. c3 {[%emt 0:00:12]} d6 {[%emt 0:00:19]} 7. h3 {[%emt 0:00:16]} O-O {[%emt 0:01:20]} 8. O-O {[%emt 0:01:03]} Bd7 {[%emt 0:00:40]} 9. Bc2 {[%emt 0:00:12]} Re8 {[%emt 0:01:09]} 10. Re1 {[%emt 0:00:16]} Bf8 {[%emt 0:00:29]} 11. d3 {[%emt 0:00:11]} Ne7 {[%emt 0:03:25]} 12. Nh4 {[%emt 0:00:11]} h6 {[%emt 0:04:47]} 13. Qf3 {[%emt 0:01:17]} Nh7 {[%emt 0:03:38]} 14. Bb3 {[%emt 0:01:42]} Be6 {[%emt 0:03:00]} 15. Bxe6 {[%emt 0:00:10]} fxe6 {[%emt 0:00:04]} 16. Qg4 {[%emt 0:00:14]} 1/2-1/2

[Event "2nd Goa GM Open 2019"]
[Site "Goa"]
[Date "2019.06.22"]
[Round "6.22"]
[White "Vasquez Schroeder, Rodrigo"]
[Black "Pranav Anand"]
[Result "1/2-1/2"]
[WhiteElo "2476"]
[BlackElo "2340"]
[Annotator "ChessBase"]
[PlyCount "102"]
[EventDate "2019.06.17"]
[EventType "swiss"]
[EventCountry "IND"]
[SourceTitle "playchess.com"]
[Source "ChessBase"]
[SourceQuality "1"]
[TimeControl "5400+30"]

1. d4 {[%emt 0:01:45]} Nf6 {[%emt 0:00:00]} 2. Nf3 {[%emt 0:00:24]} g6 {[%emt 0:00:00]} 3. Bf4 {[%emt 0:00:48]} Bg7 {[%emt 0:00:08]} 4. h3 {[%emt 0:00:08]} O-O {[%emt 0:00:19]} 5. e3 {[%emt 0:00:13]} d6 {[%emt 0:00:23]} 6. c3 {[%emt 0:00:50]} Nbd7 {[%emt 0:00:49]} 7. Be2 {[%emt 0:00:26]} b6 {[%emt 0:01:05]} 8. a4 {[%emt 0:00:18]} Bb7 {[%emt 0:03:49]} 9. a5 {[%emt 0:00:55]} c5 {[%emt 0:07:48]} 10. O-O {[%emt 0:00:18]} Re8 {[%emt 0:02:50]} 11. Na3 {[%emt 0:02:09]} Nd5 {[%emt 0:06:46]} 12. Bh2 {[%emt 0:00:54]} Nc7 {[%emt 0:00:30]} 13. axb6 {[%emt 0:14:05]} axb6 {[%emt 0:00:28]} 14. Qb3 {[%emt 0:00:53]} Bd5 {[%emt 0:02:48]} 15. Qc2 {[%emt 0:01:01]} f5 {[%emt 0:13:25]} 16. Bc4 {[%emt 0:01:01]} Nf6 {[%emt 0:12:30]} 17. Qb3 {[%emt 0:00:54]} Qd7 {[%emt 0:11:05]} 18. Bxd5+ {[%emt 0:01:45]} Ncxd5 {[%emt 0:01:14]} 19. Nb5 {[%emt 0:02:06]} h6 {[%emt 0:03:04]} 20. Rfd1 {[%emt 0:02:51]} Kh7 {[%emt 0:00:43]} 21. Nd2 {[%emt 0:03:05]} Qc6 {[%emt 0:02:07]} 22. Nc4 {[%emt 0:01:52]} Rxa1 {[%emt 0:02:11]} 23. Rxa1 {[%emt 0:00:08]} Ra8 {[%emt 0:00:17]} 24. Re1 {[%emt 0:01:12]} Rb8 {[%emt 0:07:32]} 25. f3 {[%emt 0:02:06]} Nc7 {[%emt 0:00:49]} 26. Nca3 {[%emt 0:00:14]} c4 {[%emt 0:01:39]} 27. Qa4 {[%emt 0:03:05]} Ra8 {[%emt 0:00:53]} 28. Qxc4 {[%emt 0:02:01]} Qxc4 {[%emt 0:00:04]} 29. Nxc4 {[%emt 0:00:04]} Nxb5 {[%emt 0:00:03]} 30. Nxb6 {[%emt 0:00:07]} Ra2 {[%emt 0:01:40]} 31. Rb1 {[%emt 0:00:19]} Ra6 {[%emt 0:01:38]} 32. Nc4 {[%emt 0:00:57]} Nd7 {[%emt 0:00:52]} 33. Kf1 {[%emt 0:00:34]} d5 {[%emt 0:02:08]} 34. Nd2 {[%emt 0:00:18]} e5 {[%emt 0:02:15]} 35. Nb3 {[%emt 0:02:04]} Rb6 {[%emt 0:01:10]} 36. Bg1 {[%emt 0:01:16]} Rb8 {[%emt 0:00:45]} 37. Nd2 {[%emt 0:01:35]} Kg8 {[%emt 0:00:59]} 38. Ra1 {[%emt 0:00:20]} Kf7 {[%emt 0:00:25]} 39. Ke2 {[%emt 0:00:56]} Ke6 {[%emt 0:00:31]} 40. Kd3 {[%emt 0:00:17]} Bf8 {[%emt 0:01:19]} 41. Kc2 {[%emt 0:00:21]} Bd6 {[%emt 0:00:21]} 42. Ra6 {[%emt 0:00:43]} Nc7 {[%emt 0:00:37]} 43. Ra5 {[%emt 0:01:15]} g5 {[%emt 0:00:34]} 44. dxe5 {[%emt 0:01:24]} Nxe5 {[%emt 0:00:29]} 45. Nb3 {[%emt 0:01:37]} Ra8 {[%emt 0:02:33]} 46. Nd4+ {[%emt 0:00:31]} Kf6 {[%emt 0:00:05]} 47. Rxa8 {[%emt 0:00:40]} Nxa8 {[%emt 0:00:01]} 48. Bh2 {[%emt 0:01:06]} Nc7 {[%emt 0:01:04]} 49. g4 {[%emt 0:04:15]} fxg4 50. hxg4 {[%emt 0:00:02]} Nf7 {[%emt 0:03:54]} 51. Bxd6 {[%emt 0:00:14]} Nxd6 {[%emt 0:00:01]} 1/2-1/2

[Event "2nd Goa GM Open 2019"]
[Site "Goa"]
[Date "2019.06.22"]
[Round "6.23"]
[White "Lugovskoy, Maxim"]
[Black "Lokesh, N.."]
[Result "1-0"]
[WhiteElo "2451"]
[BlackElo "2200"]
[Annotator "ChessBase"]
[PlyCount "77"]
[EventDate "2019.06.17"]
[EventType "swiss"]
[EventCountry "IND"]
[SourceTitle "playchess.com"]
[Source "ChessBase"]
[SourceQuality "1"]
[TimeControl "5400+30"]

1. e4 {[%emt 0:01:24]} e5 {[%emt 0:03:21]} 2. Nf3 {[%emt 0:00:05]} Nf6 {[%emt 0:00:09]} 3. Nc3 {[%emt 0:00:04]} Bb4 {[%emt 0:00:29]} 4. Nxe5 {[%emt 0:02:39]} O-O {[%emt 0:00:16]} 5. Be2 {[%emt 0:00:30]} Re8 {[%emt 0:00:34]} 6. Nd3 {[%emt 0:00:05]} Bxc3 {[%emt 0:00:12]} 7. dxc3 {[%emt 0:00:03]} Nxe4 {[%emt 0:00:10]} 8. Nf4 {[%emt 0:00:08]} Nc6 {[%emt 0:07:51]} 9. O-O {[%emt 0:00:06]} d6 {[%emt 0:00:03]} 10. Re1 {[%emt 0:03:10]} Bf5 {[%emt 0:04:11]} 11. c4 {[%emt 0:08:15]} Ne5 {[%emt 0:10:06]} 12. Be3 {[%emt 0:10:53]} Ng6 {[%emt 0:19:50]} 13. Nh5 {[%emt 0:03:47]} Qh4 {[%emt 0:07:59]} 14. g3 {[%emt 0:10:46]} Qh3 {[%emt 0:01:47]} 15. Bf3 {[%emt 0:03:42]} Ne5 {[%emt 0:00:30]} 16. Bg2 {[%emt 0:01:43]} Qg4 {[%emt 0:00:08]} 17. Qxg4 {[%emt 0:01:25]} Bxg4 {[%emt 0:09:06]} 18. Bxe4 {[%emt 0:03:18]} Bxh5 {[%emt 0:00:07]} 19. Bxb7 {[%emt 0:00:05]} Nf3+ {[%emt 0:12:28]} 20. Bxf3 {[%emt 0:01:31]} Bxf3 {[%emt 0:00:04]} 21. c5 {[%emt 0:08:21]} dxc5 {[%emt 0:02:46]} 22. Bxc5 {[%emt 0:00:05]} a6 {[%emt 0:00:15]} 23. Be7 {[%emt 0:06:49]} Rab8 {[%emt 0:08:00]} 24. b3 {[%emt 0:00:16]} Rb5 {[%emt 0:03:08]} 25. c4 {[%emt 0:01:14]} Rf5 {[%emt 0:00:52]} 26. Bd6 {[%emt 0:00:35]} Rc8 {[%emt 0:06:13]} 27. Bxc7 {[%emt 0:00:05]} g5 {[%emt 0:00:03]} 28. Bd6 {[%emt 0:00:42]} h5 {[%emt 0:01:45]} 29. Rac1 {[%emt 0:00:19]} Kg7 {[%emt 0:00:43]} 30. b4 {[%emt 0:00:56]} h4 {[%emt 0:00:56]} 31. a4 {[%emt 0:00:04]} hxg3 {[%emt 0:00:48]} 32. Bxg3 {[%emt 0:00:19]} a5 {[%emt 0:00:29]} 33. b5 {[%emt 0:02:23]} Rfc5 {[%emt 0:00:11]} 34. Rc3 {[%emt 0:00:08]} Bd5 {[%emt 0:00:50]} 35. cxd5 {[%emt 0:01:52]} Rxc3 {[%emt 0:00:12]} 36. Be5+ {[%emt 0:00:03]} f6 {[%emt 0:00:25]} 37. Bxc3 {[%emt 0:00:05]} Rxc3 38. Re7+ {[%emt 0:00:09]} Kg6 {[%emt 0:00:15]} 39. d6 {[%emt 0:00:23]} 1-0

[Event "2nd Goa GM Open 2019"]
[Site "Goa"]
[Date "2019.06.22"]
[Round "6.24"]
[White "Neelash Saha"]
[Black "Himanshu, Sharma"]
[Result "1-0"]
[WhiteElo "2315"]
[BlackElo "2446"]
[Annotator "NA"]
[PlyCount "24"]
[EventDate "2019.06.17"]
[EventType "swiss"]
[EventCountry "IND"]
[SourceTitle "playchess.com"]
[Source "ChessBase"]
[SourceQuality "1"]
[TimeControl "5400+30"]

1. d4 {[%emt 0:00:00]} Nf6 {[%emt 0:06:17]} 2. c4 {[%emt 0:00:00]} c6 {[%emt 0:00:06]} 3. Nf3 {[%emt 0:00:00]} d5 {[%emt 0:00:06]} 4. e3 {[%emt 0:00:04]} g6 {[%emt 0:01:02]} 5. Nc3 {[%emt 0:00:03]} Bg7 {[%emt 0:00:16]} 6. Be2 {[%emt 0:00:04]} O-O {[%emt 0:00:19]} 7. O-O {[%emt 0:00:02]} Bg4 {[%emt 0:01:39]} 8. cxd5 {[%emt 0:00:04]} cxd5 {[%emt 0:00:05]} 9. Qb3 {[%emt 0:00:02]} b6 {[%emt 0:01:07]} 10. Bd2 {[%emt 0:00:04]} Nc6 {[%emt 0:01:16]} 11. Rfc1 {[%emt 0:06:53]} Na5 {[%emt 0:05:20]} 12. Qd1 {[%emt 0:03:59]} Rc8 {[%emt 0:16:13]} 1-0

[Event "2nd Goa GM Open 2019"]
[Site "Goa"]
[Date "2019.06.22"]
[Round "6.25"]
[White "Konguvel, Ponnuswamy"]
[Black "Mohammad Nubairshah Shaikh"]
[Result "1-0"]
[WhiteElo "2293"]
[BlackElo "2436"]
[Annotator "NA"]
[PlyCount "103"]
[EventDate "2019.06.17"]
[EventType "swiss"]
[EventCountry "IND"]
[SourceTitle "playchess.com"]
[Source "ChessBase"]
[SourceQuality "1"]
[TimeControl "5400+30"]

1. e4 {[%emt 0:00:00]} c6 {[%emt 0:00:00]} 2. d4 {[%emt 0:00:07]} d5 {[%emt 0:00:00]} 3. Nc3 {[%emt 0:00:14]} dxe4 {[%emt 0:00:00]} 4. Nxe4 {[%emt 0:00:05]} Bf5 {[%emt 0:00:00]} 5. Ng3 {[%emt 0:00:17]} Bg6 {[%emt 0:00:00]} 6. h4 {[%emt 0:00:08]} h6 {[%emt 0:00:00]} 7. Nf3 {[%emt 0:00:14]} Nd7 {[%emt 0:00:00]} 8. h5 {[%emt 0:00:25]} Bh7 {[%emt 0:00:00]} 9. Bd3 {[%emt 0:00:06]} Bxd3 {[%emt 0:00:05]} 10. Qxd3 {[%emt 0:00:05]} e6 {[%emt 0:00:04]} 11. Bd2 {[%emt 0:00:26]} Ngf6 {[%emt 0:00:03]} 12. O-O-O {[%emt 0:00:17]} Be7 {[%emt 0:00:03]} 13. Kb1 {[%emt 0:00:53]} Qb6 {[%emt 0:00:16]} 14. c4 {[%emt 0:06:17]} O-O {[%emt 0:00:14]} 15. Rhe1 {[%emt 0:11:20]} Rfd8 $11 {[%emt 0:01:15]} 16. Qc2 {[%emt 0:01:03]} Bb4 17. c5 {[%emt 0:24:37]} Qa5 {[%emt 0:17:02]} 18. a3 {[%emt 0:04:27]} Bxd2 {[%emt 0:00:12]} 19. Nxd2 {[%emt 0:00:04]} b5 {[%emt 0:07:52]} 20. Nge4 {[%emt 0:07:38]} Rab8 {[%emt 0:06:35]} 21. Nd6 {[%emt 0:03:43]} Qa4 {[%emt 0:21:54]} 22. Qxa4 {[%emt 0:02:00]} bxa4 {[%emt 0:03:06]} 23. N2c4 {[%emt 0:00:06]} Ne8 {[%emt 0:05:48]} 24. Ne5 {[%emt 0:20:20]} Nxd6 {[%emt 0:01:50]} 25. cxd6 {[%emt 0:02:05]} Rb6 {[%emt 0:00:01]} 26. Rc1 {[%emt 0:00:36]} Nf6 {[%emt 0:06:36]} 27. Nxc6 {[%emt 0:01:29]} Rd7 {[%emt 0:09:59]} 28. Ne5 {[%emt 0:04:02]} Rd8 {[%emt 0:05:31]} 29. Rc7 {[%emt 0:00:31]} Rbxd6 {[%emt 0:00:37]} 30. Nxf7 {[%emt 0:00:20]} R8d7 {[%emt 0:00:47]} 31. Nxd6 {[%emt 0:00:16]} Rxc7 {[%emt 0:00:01]} 32. Rxe6 {[%emt 0:00:11]} Nxh5 {[%emt 0:00:07]} 33. g3 {[%emt 0:01:55]} Rc6 {[%emt 0:05:51]} 34. Re8+ {[%emt 0:02:31]} Kh7 {[%emt 0:00:01]} 35. Nf7 {[%emt 0:00:09]} Rc7 {[%emt 0:05:23]} 36. Rh8+ {[%emt 0:00:37]} Kg6 {[%emt 0:00:01]} 37. Ne5+ {[%emt 0:00:04]} Kg5 {[%emt 0:00:11]} 38. d5 {[%emt 0:01:43]} Nf6 {[%emt 0:00:49]} 39. d6 {[%emt 0:00:40]} Rb7 {[%emt 0:00:06]} 40. Rf8 {[%emt 0:00:55]} a6 {[%emt 0:04:39]} 41. f4+ {[%emt 0:04:46]} Kh5 {[%emt 0:00:03]} 42. Kc2 {[%emt 0:00:16]} Nd7 {[%emt 0:01:45]} 43. Rf7 {[%emt 0:01:02]} Nc5 {[%emt 0:00:04]} 44. Rxb7 {[%emt 0:00:37]} Nxb7 {[%emt 0:00:02]} 45. d7 {[%emt 0:00:05]} Nd8 {[%emt 0:00:06]} 46. Kc3 {[%emt 0:00:36]} a5 {[%emt 0:00:47]} 47. Kc4 {[%emt 0:00:08]} g5 {[%emt 0:00:09]} 48. f5 {[%emt 0:01:04]} g4 {[%emt 0:00:10]} 49. f6 {[%emt 0:00:25]} Nb7 {[%emt 0:01:19]} 50. Kd5 {[%emt 0:00:13]} Nd8 {[%emt 0:00:11]} 51. f7 {[%emt 0:00:39]} Nxf7 {[%emt 0:00:23]} 52. Nxf7 {[%emt 0:00:05]} 1-0

[Event "2nd Goa GM Open 2019"]
[Site "Goa"]
[Date "2019.06.22"]
[Round "6.26"]
[White "Shyaamnikhil P"]
[Black "Aaryan Varshney"]
[Result "1-0"]
[WhiteElo "2434"]
[BlackElo "2196"]
[Annotator "NA"]
[PlyCount "93"]
[EventDate "2019.06.17"]
[EventType "swiss"]
[EventCountry "IND"]
[SourceTitle "playchess.com"]
[Source "ChessBase"]
[SourceQuality "1"]
[TimeControl "5400+30"]

1. e4 {[%emt 0:01:13]} c5 {[%emt 0:00:00]} 2. Nf3 {[%emt 0:00:09]} d6 {[%emt 0:00:00]} 3. Nc3 {[%emt 0:00:06]} Nf6 {[%emt 0:00:00]} 4. e5 {[%emt 0:00:07]} dxe5 {[%emt 0:00:04]} 5. Nxe5 {[%emt 0:00:04]} Nbd7 {[%emt 0:00:33]} 6. d4 {[%emt 0:00:09]} e6 {[%emt 0:01:19]} 7. Bb5 {[%emt 0:01:17]} a6 {[%emt 0:03:36]} 8. Bxd7+ {[%emt 0:00:09]} Nxd7 {[%emt 0:00:32]} 9. Qh5 {[%emt 0:00:11]} g6 {[%emt 0:05:43]} 10. Qf3 {[%emt 0:00:52]} Qf6 $16 {[%emt 0:05:55]} (10... f5 $11 {remains equal.}) 11. Qxf6 {[%emt 0:01:12]} Nxf6 {[%emt 0:00:02]} 12. Bg5 {[%emt 0:00:11]} Bg7 {[%emt 0:01:27]} 13. dxc5 {[%emt 0:01:25]} Nd7 {[%emt 0:01:09]} 14. Nd3 {[%emt 0:05:35]} Bxc3+ {[%emt 0:07:25]} 15. bxc3 {[%emt 0:00:33]} f6 {[%emt 0:00:09]} 16. Be3 {[%emt 0:00:29]} Nb8 {[%emt 0:00:41]} 17. Nb2 {[%emt 0:00:26]} Nc6 {[%emt 0:03:07]} 18. Nc4 {[%emt 0:00:08]} e5 {[%emt 0:00:28]} 19. f4 {[%emt 0:04:08]} Be6 {[%emt 0:10:16]} 20. Nd6+ {[%emt 0:00:38]} Ke7 {[%emt 0:00:13]} 21. O-O {[%emt 0:00:48]} b5 {[%emt 0:01:17]} 22. fxe5 {[%emt 0:04:29]} Nxe5 {[%emt 0:01:03]} 23. Bd4 {[%emt 0:00:09]} Rhf8 {[%emt 0:01:19]} 24. Bxe5 {[%emt 0:02:46]} fxe5 {[%emt 0:00:06]} 25. Rfe1 {[%emt 0:00:15]} Kd7 {[%emt 0:01:50]} 26. Rxe5 {[%emt 0:01:09]} Bg8 {[%emt 0:00:30]} 27. Rd1 {[%emt 0:12:00]} Kc6 {[%emt 0:00:30]} 28. a3 {[%emt 0:00:14]} Rad8 {[%emt 0:02:14]} 29. Rd4 {[%emt 0:00:40]} Rd7 {[%emt 0:06:46]} 30. h4 {[%emt 0:00:22]} h5 {[%emt 0:02:09]} 31. Kh2 {[%emt 0:03:32]} Ba2 {[%emt 0:00:56]} 32. Kg3 {[%emt 0:02:20]} Bg8 {[%emt 0:00:34]} 33. Rg5 {[%emt 0:08:17]} Rf6 {[%emt 0:00:59]} 34. Ne4 {[%emt 0:10:43]} Re6 {[%emt 0:00:38]} 35. Rxd7 {[%emt 0:00:28]} Kxd7 {[%emt 0:00:02]} 36. Kf4 {[%emt 0:00:09]} Kc6 {[%emt 0:00:57]} 37. Ke3 {[%emt 0:00:10]} Bf7 {[%emt 0:00:58]} 38. Kd4 {[%emt 0:00:13]} Bg8 {[%emt 0:00:53]} 39. Rg3 {[%emt 0:01:55]} a5 {[%emt 0:04:31]} 40. Rf3 {[%emt 0:02:08]} Re7 {[%emt 0:01:52]} 41. Rf6+ {[%emt 0:00:07]} Kc7 {[%emt 0:00:28]} 42. Nd6 {[%emt 0:00:08]} Bc4 {[%emt 0:01:19]} 43. a4 {[%emt 0:01:15]} Be2 {[%emt 0:00:57]} 44. axb5 {[%emt 0:00:40]} a4 {[%emt 0:00:25]} 45. b6+ {[%emt 0:00:11]} Kd7 {[%emt 0:00:10]} 46. b7 {[%emt 0:00:19]} Kc7 {[%emt 0:00:08]} 47. Rf8 {[%emt 0:00:03]} 1-0

[Event "2nd Goa GM Open 2019"]
[Site "Goa"]
[Date "2019.06.22"]
[Round "6.27"]
[White "Sardana, Rishi"]
[Black "Ram, S. Krishnan"]
[Result "1/2-1/2"]
[WhiteElo "2428"]
[BlackElo "2152"]
[Annotator "NA"]
[PlyCount "75"]
[EventDate "2019.06.17"]
[EventType "swiss"]
[EventCountry "IND"]
[SourceTitle "playchess.com"]
[Source "ChessBase"]
[SourceQuality "1"]
[TimeControl "5400+30"]

1. e4 {[%emt 0:00:53]} c5 {[%emt 0:00:00]} 2. Nf3 {[%emt 0:00:38]} g6 {[%emt 0:00:00]} 3. d4 {[%emt 0:01:38]} cxd4 {[%emt 0:00:00]} 4. Nxd4 {[%emt 0:00:02]} Bg7 {[%emt 0:00:02]} 5. Nc3 {[%emt 0:01:16]} Nc6 {[%emt 0:00:47]} 6. Be3 {[%emt 0:00:06]} Nf6 {[%emt 0:00:22]} 7. Bc4 {[%emt 0:00:05]} Qa5 {[%emt 0:02:45]} 8. O-O {[%emt 0:00:19]} d6 {[%emt 0:00:02]} 9. h3 {[%emt 0:00:25]} O-O {[%emt 0:00:07]} 10. Bb3 {[%emt 0:00:10]} Bd7 {[%emt 0:01:49]} 11. f4 {[%emt 0:00:11]} Nxd4 {[%emt 0:06:25]} 12. Bxd4 {[%emt 0:00:38]} Bc6 $11 {[%emt 0:02:40]} 13. Qe1 {[%emt 0:27:30]} Qb4 {[%emt 0:08:28]} 14. Rd1 {[%emt 0:11:22]} Nxe4 {[%emt 0:00:33]} 15. Bxg7 {[%emt 0:14:31]} Kxg7 {[%emt 0:00:26]} 16. Nd5 {[%emt 0:01:22]} Qxe1 {[%emt 0:06:57]} 17. Rfxe1 {[%emt 0:00:15]} f5 {[%emt 0:02:57]} 18. Nxe7 {[%emt 0:01:54]} Rfe8 {[%emt 0:00:34]} 19. Nxc6 {[%emt 0:06:15]} bxc6 {[%emt 0:00:03]} 20. Ba4 {[%emt 0:02:39]} Rec8 {[%emt 0:01:19]} 21. c4 {[%emt 0:02:54]} Rab8 {[%emt 0:04:55]} 22. Bc2 {[%emt 0:00:44]} Rxb2 {[%emt 0:00:20]} 23. Bxe4 {[%emt 0:00:12]} fxe4 {[%emt 0:00:01]} 24. Rxd6 {[%emt 0:02:40]} Rc7 {[%emt 0:01:48]} 25. a3 {[%emt 0:10:21]} Ra2 {[%emt 0:01:52]} 26. Rxe4 {[%emt 0:00:06]} Rxa3 {[%emt 0:00:41]} 27. Ree6 {[%emt 0:00:28]} Rc3 {[%emt 0:00:22]} 28. Rxc6 {[%emt 0:00:14]} Rxc4 {[%emt 0:00:08]} 29. Rxc4 {[%emt 0:01:04]} Rxc4 {[%emt 0:00:02]} 30. Re7+ {[%emt 0:00:25]} Kg8 {[%emt 0:00:02]} 31. f5 {[%emt 0:04:36]} a5 {[%emt 0:02:03]} 32. fxg6 {[%emt 0:01:53]} hxg6 {[%emt 0:00:04]} 33. Ra7 {[%emt 0:00:17]} Rc5 {[%emt 0:05:56]} 34. Kf2 {[%emt 0:01:55]} Kf8 {[%emt 0:00:02]} 35. Ke3 {[%emt 0:00:45]} Kg8 {[%emt 0:04:36]} 36. Kd4 {[%emt 0:02:54]} Rc2 {[%emt 0:01:59]} 37. g4 {[%emt 0:00:48]} Rh2 {[%emt 0:00:08]} 38. Ke5 {[%emt 0:01:21]} 1/2-1/2